000 00374 a2200145 4500
005 20250628080627.0
020 _a978-1-316-50977-7
082 _a423McI
245 _aCambridge Advanced Learner's Dictonary
250 _a4th Ed.
260 _aUnited Kingdoms
_bCambridge University Press
_c2015.
300 _axiv,1844p.
_c23cm
700 _aColin McIntosh
942 _2ddc
_cBKS
999 _c5865
_d5865